Психолого-педагогические барьеры общения студентов из стран Азиатско-тихоокеанского региона; Уровневая подготовка специалистов: государственные и международные стандарты инженерного образования

Dades bibliogràfiques
Parent link:Уровневая подготовка специалистов: государственные и международные стандарты инженерного образования.— 2013.— [С. 247-248]
Autor principal: Шевелева С. И. Светлана Игоревна
Autor corporatiu: Национальный исследовательский Томский политехнический университет
Sumari:Заглавие с экрана
Idioma:rus
Publicat: 2013
Col·lecció:Родной и иностранные языки в обучении и профессиональной деятельности инженера/специалиста
Matèries:
Accés en línia:http://www.lib.tpu.ru/fulltext/c/2013/C09/138.pdf
Format: MixedMaterials Electrònic Capítol de llibre
KOHA link:https://koha.lib.tpu.ru/cgi-bin/koha/opac-detail.pl?biblionumber=243240

MARC

LEADER 00000naa2a2200000 4500
001 243240
005 20251217131209.0
035 |a (RuTPU)RU\TPU\book\264579 
035 |a RU\TPU\book\264573 
090 |a 243240 
100 |a 20130923d2013 k y0rusy50 ca 
101 0 |a rus 
102 |a RU 
135 |a arnn ---uucaa 
181 0 |a i  
182 0 |a b 
200 1 |a Психолого-педагогические барьеры общения студентов из стран Азиатско-тихоокеанского региона  |f С. И. Шевелева 
203 |a Текст  |c электронный 
225 1 |a Родной и иностранные языки в обучении и профессиональной деятельности инженера/специалиста 
300 |a Заглавие с экрана 
320 |a [Библиогр.: с. 248 (3 назв.)] 
337 |a Adobe Reader 
463 1 |0 (RuTPU)RU\TPU\book\262130  |t Уровневая подготовка специалистов: государственные и международные стандарты инженерного образования  |o сборник трудов научно-методической конференции, 26-30 марта 2013 г., Томск  |f Национальный исследовательский Томский политехнический университет (ТПУ) ; ред. кол. А. И. Чучалин [и др.]  |v [С. 247-248]  |d 2013 
610 1 |a труды учёных ТПУ 
610 1 |a электронный ресурс 
610 1 |a иностранные студенты 
610 1 |a Азиатско-тихоокеанский регион 
610 1 |a психологические барьеры 
700 1 |a Шевелева  |b С. И.  |c лингвист  |c старший преподаватель Томского политехнического университета  |f 1972-  |g Светлана Игоревна  |3 (RuTPU)RU\TPU\pers\29165  |9 13791 
712 0 2 |a Национальный исследовательский Томский политехнический университет  |c (2009- )  |9 26305 
801 2 |a RU  |b 63413507  |c 20161111  |g RCR 
850 |a 63413507 
856 4 |u http://www.lib.tpu.ru/fulltext/c/2013/C09/138.pdf 
942 |c CF